000 01174nam a2200265 a 4500
001 000020793
003 DO-SdBNP
005 20160920141342.0
007 000020793
008 100817nuuuuuuuudr a 000 0 spa d
040 _aBPMET
_bspa
_cBPMET
092 _a372.832
_bR177a
100 1 _aRamírez Báez, Ramón O.
245 1 0 _aAprendamos a vivir juntos :
_bestudios sociales /
_cRamón O. Ramírez Báez y Héctor Rodríguez.
260 _aSanto Domingo :
_bSusaeta, Ediciones Dominicanas
_c[19??].
300 _a88 p. :
_bil. ;
_c25 cm.
500 _aPrimer curso de primaria
505 _gv. 1 :
_tEl hogar y la familia --
_tEl hogar en que vivimos --
_tLa escuela --
_tLa vida en el campo y la vida en la ciudad --
_tNecesidades del hombre de nuestra comunidad --
_tRecursos de la comunidad --
_tEl trabajo en la comunidad --
_tVía de comunicación y medio de transporte --
_tComportamiento en las vías públicas --
_tLa República Dominicana, nuestra patria --
650 4 _aCIUDADANIA
650 4 _aEDUCACIÓN CÍVICA
650 4 _aCIENCIAS SOCIALES
700 1 _aRodríguez, Héctor.
942 _2ddc
_cBK
956 _aVMATEO
_b10
_c20150728
_lBPMSU
_h0069
999 _c7223
_d7223